A guide to calculating the shelf life fo foods. (Record no. 8609)

000 -LEADER
fixed length control field 00238nam a22001097a 4500
040 ## - CATALOGING SOURCE
Transcribing agency SY
100 ## - MAIN ENTRY--AUTHOR NAME
Personal name WILLNGTON
245 ## - TITLE STATEMENT
Title A guide to calculating the shelf life fo foods.
260 ## - PUBLICATION, DISTRIBUTION, ETC. (IMPRINT)
Place of publication New Zalend
Name of publisher WIL
Year of publication 2005
300 ## - PHYSICAL DESCRIPTION
Number of Pages 27
942 ## - ADDED ENTRY ELEMENTS (KOHA)
Koha item type English Book

No items available.

មជ្ឈមណ្ឌលឯការនៃសាកលវិទ្យាល័យភូមិន្ទកសិកម្មចំការដូង

Powered by Koha